000 00478nam a22001937a 4500
003 MPLRDC
005 20220104143649.0
008 210129b ||||| |||| 00| 0 eng d
020 _a7-204-04178-X
082 _a544.5 STEI
100 _aSTEINEM
245 _a行动超越语言
_c吕政达 译
250 _a一版一刷
260 _a
_b内蒙古人民出版社
_c1998
300 _b
490 _a百世文库
650 _a妇女; 女性
942 _cBK
_o544.5 STEI
999 _c42130
_d42120